000 00362nam a22001457a 4500
020 _a978-93-8943-245-9
082 _a823
_bGRA/W
100 _aGRAHAME, KENNETH
245 _aTHE WIND IN THE WILLOWS
246 _aTHE WIND IN THE WILLOWS
_bTHE WIND IN THE WILLOWS
260 _aINDIA
_bFINGERPRINT
_c2023
300 _a200
650 _aENGLISH STORY
942 _cBK
999 _c8868
_d8868